Città attraversate da grandi fiumi - Asia - Statistics

Statistiche generali
  • Questo quiz è stato fatto 50 volte
  • Il punteggio medio è 13 su 20
Statistiche sulle risposte
Città Fiume % Corretto
Xi'an (Cina) Fiume Giallo (5464km)
97%
Varanasi (India) Gange (2525 km)
94%
Patna (India) Gange (2525 km)
94%
Vientiane (Laos) Mekong (4880 km)
91%
Phnom Penh (Cambogia) Mekong (4880 km)
91%
Baghdad (Iraq) Tigri (1900 km)
91%
Bassora (Iraq) Tigri (1900 km) ed Eufrate (2760 km)
91%
Shanghai (Cina) Fiume Azzurro (6418 km)
84%
Nanchino (Cina) Fiume Azzurro (6418 km)
84%
Chongqing (Cina) Fiume Azzurro (6418 km)
78%
Hyderabad (Pakistan) Indo (3180 km)
78%
Raqqa (Siria) Eufrate (2760 km)
72%
Novosibirsk (Russia) Ob' (3650 km)
72%
Jakutsk (Russia) Lena (4400 km)
53%
Krasnoyarsk (Russia) Enisej (3487 km)
34%
Canton (Cina) Fiume delle Perle (2200 km)
28%
Seul (Corea del Sud) Han (514 km)
22%
Bangkok (Thailandia) Chao Phraya (370 km)
19%
Mandalay (Myanmar) Irrawaddy (2170 km)
19%
Ho Chi Minh (Vietnam) Saigon (256 km)
16%
Nessun quiz corrispondente trovato
Distribuzione punteggi
Percentuale di utenti per punteggio
Percentile per numero di risposta
I tuoi punteggi nel tempo
Non hai fatto questo quiz